000 00845nam a2200193 a 4500
001 52838
005 20180714042839.0
008 140415s2001 mx 000 0 spa d
020 _a9701037499
041 _aspa
082 _a658.848
_bMIN
100 1 _aMINERVINI, NICOLA
245 1 0 _aMANUAL DEL EXPORTADOR :
_bLA INGENIERIA DE LA EXPORTACION
250 _a3a ed.
260 _aMEXICO :
_bMCGRAW-HILL INTERAMERICANA EDITORES,
_c2001, 2002
300 _a181
_c16.2 x 1.5 x 23.3
520 _aEN UNA FORMA PRACTICA, DIDACTICA Y SENCILLA, Y CON UN LENGUAJE SIN RODEOS, COMO PARA QUE CUALQUIER PERSONA INTERESADA EN EL TEMA PUEDA LEERLO, NICOLA MINERVINO MUESTRA CAMINOS, RUTAS, FORMULAS, INSTRUMENTOS RELACIONADOS CON LA FORMA DE LLEGAR Y PERMANECER EN LOS MERCADOS INTERNACIONALES
650 1 4 _aEXPORTACIONES
_xMERCADOTECNIA
999 _c52838
_d52838